Parole de chanson - Dadju - Lionne - Statistiques

Statistiques générales
  • Ce quiz a été pris 313 fois
  • Le résultat moyen est 240 sur 313
Statistiques - réponses
Réponse % Correct
à
99%
a
99%
l'
99%
d'
98%
Lionne
98%
lionne
98%
de
97%
s'
96%
Un
96%
un
96%
elle
94%
Elle
94%
peu
93%
qu'
93%
C'
91%
ma
91%
respect
91%
tout
90%
Tout
90%
sa
89%
est
88%
et
88%
Et
88%
homme
88%
Oh
88%
oh
88%
tu
88%
une
88%
ses
87%
ah
86%
Ah
86%
Quand
86%
arrive
85%
gérer
85%
Pas
85%
pas
85%
respecter
83%
Ca
82%
qui
82%
femme
81%
la
81%
La
81%
du
79%
lire
79%
ou
79%
79%
peux
79%
ne
78%
paupières
78%
besoin
77%
fierté
77%
Fort
77%
non
77%
sait
77%
assumer
76%
perdu
76%
'ssumer
76%
va
76%
agit
75%
donne
75%
Le
75%
lui
75%
mais
75%
parle
75%
son
75%
Son
75%
caractère
74%
dire
74%
monde
74%
déterminée
73%
dit
73%
mot
73%
que
73%
avancer
72%
dernier
72%
jamais
72%
richesse
72%
Si
72%
sous
72%
affamée
71%
empêche
71%
règles
71%
faut
70%
misère
69%
verras
69%
Célibataire
68%
en
68%
famille
67%
mariée
67%
toujours
67%
pensé
66%
abord
65%
donnes
64%
façon
63%
mendier
63%
genre
62%
penser
62%
retrouver
62%
sort
62%
change
61%
chaque
61%
rien
61%
problème
60%
mettra
58%
vie
55%
les
50%
comment
46%
des
46%
bien
44%
sexy
43%
très
43%
réussite
42%
Charismatique
41%
objectif
41%
y'
39%
prend
38%
Sois
35%
toutes
35%
risques
34%
amour
33%
avis
33%
fois
33%
soin
33%
soucis
33%
te
33%
ton
33%
arriver
32%
limite
32%
malgré
32%
naïf
32%
réfléchit
32%
tomber
31%
d'mander
30%
pu
30%
connaît
29%
Cours
29%
pouvait
29%
prends
29%
aurait
27%
veut
25%
Khaleesie
12%
Aucun quiz correspondant
Distribution des résultats
% des personnes avec chaque résultat
Percentile par nombre de réponses
Votre historique - résultats
Vous n’avez pas pris ce quiz